भारतीय लोकतंत्र पर सामूहिक बलात्कार / (Record no. 120549)

MARC details
000 -LEADER
fixed length control field 01079nam a22002537a 4500
005 - DATE AND TIME OF LATEST TRANSACTION
control field 20170124103159.0
010 ## - LIBRARY OF CONGRESS CONTROL NUMBER
LC control number B-176876
020 ## - INTERNATIONAL STANDARD BOOK NUMBER
Terms of availability 00.00
035 ## - SYSTEM CONTROL NUMBER
System control number B-176876
037 ## - SOURCE OF ACQUISITION
Source of stock number/acquisition Cen Lib/Ret
040 ## - CATALOGING SOURCE
Original cataloging agency DPL
Language of cataloging HN
082 ## - DEWEY DECIMAL CLASSIFICATION NUMBER
Classification number 320.954
Item number रायश
100 ## - MAIN ENTRY--PERSONAL NAME
Personal name राय, शिव शंकर
9 (RLIN) 91160
245 ## - TITLE STATEMENT
Title भारतीय लोकतंत्र पर सामूहिक बलात्कार /
Statement of responsibility, etc शिव शंकर राय
246 ## - VARYING FORM OF TITLE
Title proper/short title Bhartiya loktantr par samuhik balatkar /
Remainder of title by Shiv Shankar Raye
260 ## - PUBLICATION, DISTRIBUTION, ETC. (IMPRINT)
Place of publication, distribution, etc पटना
Name of publisher, distributor, etc जानकी प्रकाशन
Date of publication, distribution, etc 2005
270 ## - ADDRESS
City पटना
Address अशोक राजपथ, चौहट्टा
Postal code 800004
300 ## - PHYSICAL DESCRIPTION
Extent 274पृ.
Dimensions 21सेमी(सजिल्द )
650 ## - SUBJECT ADDED ENTRY--TOPICAL TERM
Topical term or geographic name as entry element लोकतंत्र--भारत
General subdivision
Geographic subdivision
9 (RLIN) 91161
650 ## - SUBJECT ADDED ENTRY--TOPICAL TERM
Topical term or geographic name as entry element लोकतंत्र--बिहार(भारत)
9 (RLIN) 3419
650 ## - SUBJECT ADDED ENTRY--TOPICAL TERM
Topical term or geographic name as entry element Democracy - (India)
9 (RLIN) 5684
650 ## - SUBJECT ADDED ENTRY--TOPICAL TERM
Topical term or geographic name as entry element Democracy - Bihar (India)
9 (RLIN) 91162
942 ## - ADDED ENTRY ELEMENTS (KOHA)
Source of classification or shelving scheme Dewey Decimal Classification
Koha item type Hindi Books
Classification part 320.954
Call number suffix रायश
Holdings
Withdrawn status Lost status Damaged status Not for loan Home library Current library Date acquired Source of acquisition Cost, normal purchase price Total Checkouts Full call number Barcode Date last seen Copy number Cost, replacement price Price effective from Koha item type
        Central Library Central Library 23/09/2015 Cen Lib/Ref 0.00   320.954 रायश B-176876 23/09/2015 1 0.00 23/09/2015 Hindi Books

© Delhi Public Library
Hit Counter
free hit counter